Planning policy guidance note 10 (Record no. 102772)

MARC details
000 -LEADER
fixed length control field 01088cam a2200229 4500
001 - CONTROL NUMBER
control field J122048
008 - FIXED-LENGTH DATA ELEMENTS--GENERAL INFORMATION
fixed length control field 000000n2003 000 0 eng u
035 ## - SYSTEM CONTROL NUMBER
System control number (Sirsi) u122048
041 ## - LANGUAGE CODE
Language code of text/sound track or separate title ENG
110 ## - MAIN ENTRY--CORPORATE NAME
Corporate name or jurisdiction name as entry element United Kingdom
Subordinate unit Office of the Deputy Prime Minister
245 ## - TITLE STATEMENT
Title Planning policy guidance note 10
Remainder of title planning and waste management - annex C
260 ## - PUBLICATION, DISTRIBUTION, ETC.
Place of publication, distribution, etc. S.l.
Name of publisher, distributor, etc. ODPM
Date of publication, distribution, etc. 2003
490 ## - SERIES STATEMENT
Series statement PPG
Volume/sequential designation 10
520 ## - SUMMARY, ETC.
Summary, etc. This new Annex C to PPG10 (ISBN 1851123180) was introduced under Town and Country Planning (Prescription of County Matters) (England) Regulations 2003 and prescribe the use and development of land wholly or mainly for the purposes of recovering, treating, storing, processing, sorting, transferring or depositing of waste as a 'county matter'. View at www.planning.odpm.gov.uk/.
650 ## - SUBJECT ADDED ENTRY--TOPICAL TERM
Topical term or geographic name entry element PPG10
650 ## - SUBJECT ADDED ENTRY--TOPICAL TERM
Topical term or geographic name entry element PLANNING POLICY GUIDANCE NOTES
650 ## - SUBJECT ADDED ENTRY--TOPICAL TERM
Topical term or geographic name entry element POLLUTION
650 ## - SUBJECT ADDED ENTRY--TOPICAL TERM
Topical term or geographic name entry element Environment
9 (RLIN) 6238
690 ## - LOCAL SUBJECT ADDED ENTRY--TOPICAL TERM (OCLC, RLIN)
Topical term or geographic name as entry element PLANNING LAW AND PRACTICE
856 ## - ELECTRONIC LOCATION AND ACCESS
Uniform Resource Identifier <a href="https://www.planning.odpm.gov.uk/ppg10/index.htm">https://www.planning.odpm.gov.uk/ppg10/index.htm</a>
Public note View the guidance on the ODPM website...
942 ## - ADDED ENTRY ELEMENTS (KOHA)
Suppress in OPAC 0
Holdings
Withdrawn status Lost status Source of classification or shelving scheme Damaged status Not for loan Home library Current library Shelving location Date acquired Total Checkouts Full call number Barcode Date last seen Copy number Price effective from Koha item type
    Dewey Decimal Classification     Virtual Virtual Online 22/04/2003   ONLINE PUBLICATION 122048-2001 06/08/2019 1 06/08/2019 Book